Agricultura indigena : (Record no. 78609)

MARC details
000 -LEADER
fixed length control field 00592cam a2200193 4500
005 - DATE AND TIME OF LATEST TRANSACTION
control field 20170927093525.0
008 - FIXED-LENGTH DATA ELEMENTS--GENERAL INFORMATION
fixed length control field 170822b mx ||||| |||| 00| 0 spa d
020 ## - INTERNATIONAL STANDARD BOOK NUMBER
International Standard Book Number 9684961685
050 04 - LIBRARY OF CONGRESS CALL NUMBER
Classification number F1219 .3 .A3
Item number A37 1994
245 10 - TITLE STATEMENT
Title Agricultura indigena :
Remainder of title pasado y presente /
Statement of responsibility, etc Teresa Rojas Rabiela, coord.
250 ## - EDITION STATEMENT
Edition statement 1a reimp.
260 ## - PUBLICATION, DISTRIBUTION, ETC. (IMPRINT)
Place of publication, distribution, etc México :
Name of publisher, distributor, etc De la Casa Chata,
Date of publication, distribution, etc 1994
300 ## - PHYSICAL DESCRIPTION
Extent 397 p. ;
Dimensions 21 cm.
504 ## - BIBLIOGRAPHY, ETC. NOTE
Bibliography, etc Bibliografía
650 #7 - SUBJECT ADDED ENTRY--TOPICAL TERM
Source of heading or term LEMB
Topical term or geographic name as entry element Indios de México
General subdivision Agricultura
650 #7 - SUBJECT ADDED ENTRY--TOPICAL TERM
Source of heading or term LEMB
Topical term or geographic name as entry element Indios de México
General subdivision Historia
650 #7 - SUBJECT ADDED ENTRY--TOPICAL TERM
Source of heading or term LEMB
Topical term or geographic name as entry element Indios de México
General subdivision Antigüedades
700 1# - ADDED ENTRY--PERSONAL NAME
Personal name Rojas Rabiela, Teresa,
Relator term coord.
Dates associated with a name [1947- ]
942 ## - ADDED ENTRY ELEMENTS (KOHA)
Source of classification or shelving scheme Biblioteca del Cogreso de los Estados Unidos
Koha item type Libro
Holdings
Estado de pérdida Fuente de clasificación Estado del daño No para préstamo Ubicación permanente Ubicación actual Apartado o colección Fecha de adquisición Edición Dependencia de educación superior (DES) Área del conocimiento Clasificación Código de Barras Date last seen Número de copia Tipo de recurso Nota pública
  Biblioteca del Cogreso de los Estados Unidos     Biblioteca del Instituto de Investigaciones Históricas Biblioteca del Instituto de Investigaciones Históricas General 22/08/2017 1a reimp. Humanidades Ciencias Sociales y Administrativas F1219 .1 .A3 A37 1994 IIH000017454 22/08/2017 C:1 Libro GENERAL
  Biblioteca del Cogreso de los Estados Unidos     Biblioteca del Instituto de Investigaciones Históricas Biblioteca del Instituto de Investigaciones Históricas General 22/08/2017 1a reimp. Humanidades Ciencias Sociales y Administrativas F1219 .1 .A3 A37 1994 IIH000017455 22/08/2017 C:2 Libro GENERAL